000 00371nam a2200145Ia 4500
005 20250729165734.0
008 250729s2013 xx 000 0 und d
041 _aeng
082 _a370.25 DEPA
100 _aDepartment of Psychology
_9231795
245 _aAction Research
260 _aMysore
_bAcedemic Section
_c2013
300 _a110p
650 _aPsychology
_9231796
999 _c239460
_d239460